Principles of commerce; a study of the mechanism, the advantages, and the transportation costs of foreign and domestic trade,

Bibliographic Details
Main Author: Brown, Harry Gunnison, 1880-1975
Format: Book
Language:English
Published: New York, Macmillan Co., 1916.
New York : The Macmillan company, [1916]
Subjects:

MARC

Tag First Indicator Second Indicator Subfields
LEADER 00000cam a2200000 4500
001 in00000077354
005 20151008052728.0
008 810817s1916 nyua 000 0 eng d
010 |a  16015475  
016 7 |a 008233896  |2 Uk 
019 |a 6244137  |a 8397396  |a 40173317  |a 317349101  |a 558128611  |a 977720610  |a 1064782570  |a 1202839124 
029 1 |a AU@  |b 000028430038 
035 |a (OCoLC)7673096 
040 |a KSU  |b eng  |c KSU  |d PLF  |d OCLCG  |d CLU  |d OCLCO  |d OCLCQ  |d OCLCA  |d OCLCF  |d OCLCQ  |d ZYU  |d MTG  |d UKMGB  |d CNUTO  |d NYP  |d STF  |d OCLCQ  |d OCLCO 
049 |a TXAM 
050 0 |a HF1007  |b .B77 
050 4 |a HF1007  |b .B77 
082 0 4 |a 380  |b B81 
092 |a 380.1  |b B878p 
100 1 |a Brown, Harry Gunnison,  |d 1880-1975. 
245 1 0 |a Principles of commerce;  |b a study of the mechanism, the advantages, and the transportation costs of foreign and domestic trade,  |c by Harry Gunnison Brown. 
260 |a New York,  |b Macmillan Co.,  |c 1916. 
264 1 |a New York :  |b The Macmillan company,  |c [1916] 
264 4 |c [©1916] 
300 |a xxiii pages, 1 leaf, 154, 188, 207 pages  |b diagrams  |c 21 cm 
336 |a text  |b txt  |2 rdacontent 
337 |a unmediated  |b n  |2 rdamedia 
338 |a volume  |b nc  |2 rdacarrier 
500 |a Reprinted in part from various sources. 
650 0 |a Commerce. 
776 0 8 |i Online version:  |a Brown, Harry Gunnison, 1880-  |t Principles of commerce.  |d New York, The Macmillan company, 1916  |w (OCoLC)808618817 
999 |a MARS 
999 f f |s f24e69ba-3a4c-3393-8134-dc20d011507b  |i 67c6ec5a-a862-3c07-aec4-a776f6be2a11  |t 0 
952 f f |p ric  |a Texas A&M University  |b Rellis Campus  |c Joint Library Facility  |s JLF  |d Remote Storage  |t 0  |e HF1007 .B77  |h Library of Congress classification  |i unmediated -- volume  |m A14800871636